[Event "SVK-ch U10 Girls"]
[Site "Tatralandia"]
[Date "2024.04.11"]
[Round "8"]
[White "Huttova, Karolina"]
[Black "Palackova, Diana"]
[Result "1/2-1/2"]
[WhiteElo "1450"]
[BlackElo "1000"]
[PlyCount "65"]
[EventDate "2024.04.05"]
[EventType "swiss"]
[EventRounds "9"]
[EventCountry "SVK"]
[SourceTitle "CB16_2024"]
[SourceDate "2024.04.17"]
[SourceVersion "1"]
[SourceVersionDate "2024.04.17"]
[SourceQuality "1"]

1. Nf3 Nf6 2. g3 Nc6 3. Bg2 g6 4. d4 d5 5. c4 Be6 6. c5 Bg7 7. Nc3 Ne4 8. Bf4 0-0 9. 0-0 b6 10. b4 Nxc3 11. Qd2 Ne4 12. Qb2 a5 13. a3 bxc5 14. bxc5 Nxc5 15. Qc2 Bg4 16. Qxc5 Bxf3 17. Qxc6 Bxg2 18. Bxc7 Qc8 19. Kxg2 Bxd4 20. Rac1 Bb2 21. Rc2 Bxa3 22. Qxd5 Bd6 23. Rfc1 Bxc7 24. Rxc7 Qe6 25. Qxe6 fxe6 26. Rxe7 Rf7 27. Rxe6 Rb7 28. Rec6 Raa7 29. e4 a4 30. Ra1 a3 31. Rc8+ Kg7 32. Rc3 a2 33. Rcc1 1/2-1/2